ECOWAS Parliament and Regional Integration in West Africa (Record no. 3193)

MARC details
000 -LEADER
fixed length control field 00372nam a22001337a 4500
008 - FIXED-LENGTH DATA ELEMENTS--GENERAL INFORMATION
fixed length control field 250428b |||||||| |||| 00| 0 eng d
020 ## - INTERNATIONAL STANDARD BOOK NUMBER
ISBN 9789785028980
100 ## - MAIN ENTRY--AUTHOR
Author Jooji Innocent
245 ## - TITLE STATEMENT
Title ECOWAS Parliament and Regional Integration in West Africa
260 ## - PUBLICATION, DISTRIBUTION, ETC. (IMPRINT)
Place of publication Nigeria
Name of publisher Selfers Academic Press LTD
Date of publication 2011
300 ## - COLLATION
Pagination 200p.
942 ## - ADDED ENTRY ELEMENTS (KOHA)
Item type Books
050 ## - LIBRARY OF CONGRESS CALL NUMBER
Classification number JZ 546
Item number .J56
Holdings
Source of classification or shelving scheme Not for loan Permanent location Current location Date acquired Accession No. Full call number Barcode. Koha item type
Library of Congress Classification   Samuel Ogbemudia Main Library, University of Abuja Samuel Ogbemudia Main Library, University of Abuja 04/28/2025 45658 JZ 546.J56 2025-1620 Books